000 00563nam a2200193Ia 4500
999 _c18654
_d18654
003 0100
005 20190124091145.0
008 130303s9999 xx 000 0 und d
040 _cARRUPELIB
050 _aHD9585.S24 1994
100 _aSwan, Lorraine
_944109
245 _aEarly gold mining on the Zimbabwean plateau
_bchanging patterns of gold production in the first and second millennia AD
_cLorraine
260 _aUppsala
260 _bSocietas Archaeologica Upsaliensis
260 _c1994
300 _a181 p. ;
_c25cm.
440 _aStudies in African Archaeology 9
_944110
650 _aGold
_xMines and mining
_zZimbabwe
_944111
700 _aLorraine Swan
_944112
942 _2lcc
_cMONOGRAPH